=LDR 00000nam 2200000 4500 =001 INLIS000000000061691 =005 20221107090730 =035 ##$$a 0010-1122000072 =007 ta =008 221107###########################0###### =082 ##$$a 339.319 598 651 4 =084 ##$$a 339.319 598 651 4 Lom p =245 1#$$a Produk Domestik Regional Bruto Kabupaten Lombok Utara menurut Lapangan Usaha = Gross Regional Domestic Product of Lombok Utara Regency by Industry 2016-2020 /$c Badan Pusat Statistik Kabupaten Lombok Utara =260 ##$$a Gangga :$b Badan Pusat Statistik Kabupaten Lombok Utara,$c 2020 =300 ##$$a xvii, 137 halaman ; $c 29 cm. =650 #4$$a Produk Domestik Reginal Bruto - Lombok Utara =110 ##$$a Lombok Utara. Badan Pusat Statistik =990 ##$$a 26962696 =990 ##$$a 26972697 =990 ##$$a 529/51/22 =990 ##$$a 7202202696